| 000 | 01715nam a2200385 c 4500 | ||
|---|---|---|---|
| 003 | BLK | ||
| 005 | 20230511030337.0 | ||
| 008 | 180412b bul|||||r ||||||| ||bul|| | ||
| 010 | _aKNG00009962000 | ||
| 020 |
_a954-625-072-4 _bиздат.: Фют |
||
| 040 | _aBLK | ||
| 041 |
_aBUL _cBUL |
||
| 080 |
_aБългарска литература _b821.163.2 _x-93-34 _z821.163.2-93-34 |
||
| 100 | 1 |
_aИванова, Катя _eпърви автор _9363276 |
|
| 700 | 1 |
_aИванова, Екатерина _gЛаптева, Екатерина Иванова _9363377 |
|
| 700 | 1 |
_aКораков, Стоян _eхудож. _9249209 |
|
| 700 | 1 |
_aЛатева, Екатерина Иванова _9363572 |
|
| 139 |
_aИванова, Екатерина _bИ 22 |
||
| 245 | 1 | 0 |
_aЕленчето на Дядо Коледа _bПриказка _cКатя Иванова; Екатерина Иванова; худож. Стоян Кораков; Екатерина Иванова Латева. |
| 257 | _aBGR | ||
| 260 |
_аСофия _bФют _c1995 |
||
| 300 |
_a16 с. _bс цв. ил. _c22Х24 см |
||
| 380 | _aDX | ||
| 490 | 1 | _aПоредица Коледни звънчета | |
| 500 | _aКор опис. - Пълното име на авт. е Екатерина Иванова Латева. ; Авт. e отбелязана в библиогр. каре. - 17 150 тир. | ||
| 653 | _aКоледа | ||
| 653 | _aприказки | ||
| 653 | _aлитература за деца | ||
| 653 | _aдетска литература | ||
| 852 | _aЦб 192415 | ||
| 856 | 4 |
_qpdf _u |
|
| 856 | 4 |
_qpdf _u |
|
| 942 |
_cKNG _n0 _05 |
||
| 944 |
_aCR _c15.01.2003 _lф / _kВиолета_Тройчева |
||
| 944 |
_aED _c28.09.2017 _lф / _kКети_Илиева |
||
| 999 |
_c8604 _d8604 |
||